000 00853nam0a22002531 4500
001 rc\4893519
005 20250613031950.0
021 _aRU
_b[58-37725]
035 _a(NLR Aleph) 008924116
090 _a8842924
_c8842924
100 _a20130426d1958 |||y0rusy50 ca
101 0 _arus
102 _aRU
105 _ay z |||||
200 1 _aОсновные вопросы материально-технического снабжения
210 _aМосква
_cТрудрезервиздат
_d1958
215 _a192 с.
_d20
606 _aШколы трудовых резервов
_xМатериально-техническое снабжение
_2psbo
700 1 _aЯгуткин
_bА.П.
_gАндрей Петрович
801 0 _aRU
_bNLR
_gpsbo
801 1 _aRU
_bELAR
_2rusmarc
852 _aNLR
_j58-3/3274
942 _cBOOK
980 _aNB